| 000 | 01055nam a2200205 i 4500 | ||
|---|---|---|---|
| 001 | 103779 | ||
| 003 | ES-MaACL | ||
| 007 | t| | ||
| 008 | 051118m19621963sp ||||1| spa d | ||
| 100 | 1 |
_aMerlet, Raymond. _980572 |
|
| 245 | 1 | 0 |
_aTecnología de la electricidad / _cpor R. Merlet. |
| 260 |
_aMadrid : _bAguilar, _c1962-63. |
||
| 300 |
_a3 v. : _bil. ; _c21 cm. |
||
| 490 | 1 | _aLibros de formación profesional | |
| 505 | 8 | _aContiene: T.I.-- Materiales. Instalaciones domésticas e industriales. Equipo eléctrico de los automóviles. Versión española de Ricardo García-Pelayo Alonso. T.II.-- Producción, transformación y transporte de la electricidad. Motores de corriente continua y alterna. Mando y control automáticos. Versión de Ricardo García-Pelayo Alonso. T.III.-- Bobinado de máquinas eléctricas. Versión española de Ricardo García-Pelayo Alonso | |
| 700 | 1 |
_aGarcía Pelayo Alonso, Ricardo. _9184812 |
|
| 830 | 0 |
_aLibros de formación profesional _9184813 |
|
| 852 |
_aES-MaACL _jE-4292-4 _bR.51041 |
||
| 999 |
_c103779 _d103779 |
||